| 000 | 00616cam a22002054a 4500 | ||
|---|---|---|---|
| 020 | _a0091924081 (hbk.) | ||
| 020 | _a009192409X (pbk.) | ||
| 020 | _a9780091924089 (hbk.) | ||
| 020 | _a9780091924096 (pbk.) | ||
| 082 | 0 | 4 |
_a153.42 _bBON _cN-01,P-191 |
| 100 | 1 |
_aDe Bono, Edward, _937018 |
|
| 245 | 1 | 0 |
_aThink! : _bbefore it's too late / _cEdward De Bono. |
| 260 |
_aLondon : _bVermilion, _c2009. |
||
| 300 |
_avii, 258 p. : _bill. ; _c22 cm. |
||
| 526 |
_a0 _b0 _c0 _d153_420000000000000_BON |
||
| 650 | 0 |
_aCreative thinking. _937154 |
|
| 650 | 0 |
_aNUST _96342 |
|
| 650 | 0 |
_aProblem solving. _94470 |
|
| 942 |
_2ddc _cBK |
||
| 999 |
_c542057 _d542057 |
||